000
00198 a2200097 4500
001
17368
100
_a
Waters S.J
245
_a
Systems documentation
260
_a
_b
N.C.C
_c
090
_c
12832
_d
12832
942
_a
NUST-CAE
_c
M
_c
3150
999
_c
252441
_d
252441